ENERGY TECHNOLOGY HANDBOOK (Record no. 580521)
[ view plain ]
| 000 -LEADER | |
|---|---|
| fixed length control field | 00373nam a22001337a 4500 |
| 020 ## - INTERNATIONAL STANDARD BOOK NUMBER | |
| International Standard Book Number | 0-07-012430-2 |
| 082 ## - DEWEY DECIMAL CLASSIFICATION NUMBER | |
| Classification number | 621 ENE'C |
| 100 ## - MAIN ENTRY--PERSONAL NAME | |
| Personal name | CONSIDINE, DOUGLAS M |
| 9 (RLIN) | 41557 |
| 245 ## - TITLE STATEMENT | |
| Title | ENERGY TECHNOLOGY HANDBOOK |
| 260 ## - PUBLICATION, DISTRIBUTION, ETC. | |
| Place of publication, distribution, etc. | NEWYORK |
| Name of publisher, distributor, etc. | MCGRAW HILL |
| Date of publication, distribution, etc. | 1977 |
| 300 ## - PHYSICAL DESCRIPTION | |
| Extent | 9-406P |
| 650 ## - SUBJECT ADDED ENTRY--TOPICAL TERM | |
| Topical term or geographic name entry element | POWER MECHANICS HANDBOOK MANUALS POWER RESOURCES HANDBOOK MANULS |
| 9 (RLIN) | 75024 |
| 942 ## - ADDED ENTRY ELEMENTS (KOHA) | |
| Koha item type | Book |
| Withdrawn status | Lost status | Damaged status | Not for loan | Permanent Location | Current Location | Shelving location | Date acquired | Total Checkouts | Full call number | Barcode | Date last seen | Price effective from | Koha item type |
|---|---|---|---|---|---|---|---|---|---|---|---|---|---|
| College of Electrical & Mechanical Engineering (CEME) | College of Electrical & Mechanical Engineering (CEME) | Reference | 05/15/2017 | 621 ENE'C | CEME-14675 | 06/28/2021 | 06/28/2021 | Book |
